[Event "4NCL/Div4/ANGA2 vs. WOB"]
[Site "Sunningdale ENG"]
[Date "2008.03.16"]
[Round "8.6"]
[White "Griffiths, Hywel"]
[Black "Szymanski, Mark"]
[Result "0-1"]
[WhiteElo "1693"]
[BlackElo "2015"]
[PlyCount "63"]
[EventDate "2008.03.16"]
[EventType "team"]
[EventRounds "11"]
[EventCountry "ENG"]
[SourceDate "2007.09.15"]

1. b4 d5 2. Bb2 Bf5 3. Nf3 e6 4. e3 Nf6 5. b5 a6 6. a4 axb5 7. axb5 Rxa1 8.
Bxa1 c6 9. bxc6 bxc6 10. d4 Qa5+ 11. Nbd2 Bb4 12. Bb2 Ne4 13. h3 Nd7 14. Bd3
Ndf6 15. Ke2 O-O 16. Nb3 Qb6 17. Ne5 Ra8 18. g4 Bg6 19. Nxg6 fxg6 20. Bxe4 Nxe4
21. Qd3 Rf8 22. Rf1 Qc7 23. c3 Be7 24. Nd2 Nxd2 25. Kxd2 Qh2 26. e4 Rxf2+ 27.
Rxf2 Qxf2+ 28. Qe2 Qf4+ 29. Kd3 Kf7 30. e5 Bg5 31. Kc2 h5 32. Bc1 0-1

[Event "4NCL/Div4/HAL vs. OXF3"]
[Site "Sunningdale ENG"]
[Date "2008.03.16"]
[Round "8.1"]
[White "Brockbank, Henry"]
[Black "Jeffries, Majid"]
[Result "1/2-1/2"]
[WhiteElo "2010"]
[BlackElo "2012"]
[PlyCount "45"]
[EventDate "2008.03.16"]
[EventType "team"]
[EventRounds "11"]
[EventCountry "ENG"]
[SourceDate "2007.09.15"]

1. c4 e5 2. Nc3 Nc6 3. Nf3 g6 4. e3 Bg7 5. d4 d6 6. Be2 a5 7. O-O Nge7 8. dxe5
Nxe5 9. Qc2 N7c6 10. a3 O-O 11. Rd1 Bg4 12. Nxe5 Bxe2 13. Nxe2 Nxe5 14. f4 Nd7
15. Nc3 Nc5 16. b3 Re8 17. Re1 Bxc3 18. Qxc3 Ne4 19. Qc2 Qd7 20. Bb2 c5 21. a4
Qe6 22. Rad1 Rad8 23. Rd5 1/2-1/2

[Event "4NCL/Div4/HAL vs. OXF3"]
[Site "Sunningdale ENG"]
[Date "2008.03.16"]
[Round "8.2"]
[White "Chen, Ti"]
[Black "Pugh, Glyn D"]
[Result "1-0"]
[WhiteElo "1995"]
[BlackElo "1960"]
[PlyCount "57"]
[EventDate "2008.03.16"]
[EventType "team"]
[EventRounds "11"]
[EventCountry "ENG"]
[SourceDate "2007.09.15"]

1. d4 d5 2. c4 Nc6 3. cxd5 Qxd5 4. e3 e5 5. Nc3 Bb4 6. Bd2 Qd8 7. d5 Bxc3 8.
Bxc3 Nce7 9. Bxe5 f6 10. Bg3 Nxd5 11. e4 Nde7 12. Qxd8+ Kxd8 13. O-O-O+ Bd7 14.
Nf3 c6 15. Bc4 Ke8 16. Bf7+ Kxf7 17. Rxd7 Nh6 18. Rhd1 b5 19. Nd4 Rhc8 20. Bd6
Nhg8 21. Nf5 Re8 22. Bxe7 Nxe7 23. Nd6+ Ke6 24. Nxe8 Rxe8 25. Rxa7 g5 26. Rad7
h5 27. R1d6+ Ke5 28. g3 g4 29. Rd8 1-0

[Event "4NCL/Div4/HAL vs. OXF3"]
[Site "Sunningdale ENG"]
[Date "2008.03.16"]
[Round "8.3"]
[White "Doran, Michael J"]
[Black "Hadi, Justin"]
[Result "1/2-1/2"]
[WhiteElo "1980"]
[BlackElo "1985"]
[PlyCount "57"]
[EventDate "2008.03.16"]
[EventType "team"]
[EventRounds "11"]
[EventCountry "ENG"]
[SourceDate "2007.09.15"]

1. e4 c5 2. c3 d6 3. d4 Nf6 4. f3 g6 5. dxc5 Nc6 6. cxd6 exd6 7. Bc4 Ne5 8. Bb3
Bg7 9. Ne2 O-O 10. O-O Nh5 11. Be3 Qh4 12. Qd2 Qe7 13. Na3 Rd8 14. Nb5 a6 15.
Nbd4 Be6 16. Nxe6 fxe6 17. Nd4 d5 18. Nxe6 Qxe6 19. Bxd5 Rxd5 20. exd5 Qf5 21.
b3 Rd8 22. Rad1 b5 23. f4 Nf7 24. Qd3 Nd6 25. a4 Rc8 26. axb5 axb5 27. Bd4 Qxd3
28. Rxd3 Bxd4+ 29. Rxd4 1/2-1/2

[Event "4NCL/Div4/HAL vs. OXF3"]
[Site "Sunningdale ENG"]
[Date "2008.03.16"]
[Round "8.4"]
[White "Terry, Sean"]
[Black "Lee, Darren"]
[Result "1-0"]
[WhiteElo "1841"]
[BlackElo "1950"]
[PlyCount "65"]
[EventDate "2008.03.16"]
[EventType "team"]
[EventRounds "11"]
[EventCountry "ENG"]
[SourceDate "2007.09.15"]

1. e4 e5 2. f4 Bc5 3. Nf3 d6 4. c3 Nc6 5. b4 Bb6 6. b5 Nb8 7. d4 exd4 8. cxd4
d5 9. e5 Ne7 10. Ba3 Bf5 11. Nc3 c6 12. Rc1 O-O 13. Be2 f6 14. O-O fxe5 15.
Nxe5 Bc7 16. Qb3 Bd6 17. bxc6 bxc6 18. Bxd6 Qxd6 19. g4 Bc8 20. Ne4 Qd8 21. f5
Qb6 22. Nc3 Qxb3 23. axb3 a5 24. Ra1 Ra7 25. b4 a4 26. Rxa4 Rxa4 27. Nxa4 Ba6
28. Bxa6 Nxa6 29. Nd3 Nc7 30. Nac5 Nc8 31. Ne5 Ne7 32. Ncd7 Ra8 33. g5 1-0

[Event "4NCL/Div4/HAL vs. OXF3"]
[Site "Sunningdale ENG"]
[Date "2008.03.16"]
[Round "8.5"]
[White "Asbury, Jon A"]
[Black "Henbest, Kevin B"]
[Result "0-1"]
[WhiteElo "1870"]
[BlackElo "1785"]
[PlyCount "48"]
[EventDate "2008.03.16"]
[EventType "team"]
[EventRounds "11"]
[EventCountry "ENG"]
[SourceDate "2007.09.15"]

1. d4 Nf6 2. c4 g6 3. Nc3 Bg7 4. e4 d6 5. f3 O-O 6. Be3 b6 7. Qd2 Bb7 8. Nge2
c5 9. g4 e6 10. O-O-O Nc6 11. Bh6 Rc8 12. h4 cxd4 13. Bxg7 Kxg7 14. Nxd4 Ne5
15. b3 d5 16. Qg5 Nfd7 17. Qxd8 Rfxd8 18. exd5 exd5 19. Ncb5 Nf6 20. g5 Nh5 21.
Bh3 Rc5 22. Kb2 Nf4 23. Nxa7 Nfd3+ 24. Kc3 Nf2 0-1

[Event "4NCL/Div4/NOTT2 vs. SCS"]
[Site "Sunningdale ENG"]
[Date "2008.03.16"]
[Round "8.1"]
[White "Place, William"]
[Black "Haydon, David"]
[Result "0-1"]
[WhiteElo "1985"]
[BlackElo "2108"]
[PlyCount "50"]
[EventDate "2008.03.16"]
[EventType "team"]
[EventRounds "11"]
[EventCountry "ENG"]
[SourceDate "2007.09.15"]

1. e4 c6 2. d4 d5 3. e5 Bf5 4. Nc3 e6 5. g4 Bg6 6. Nge2 c5 7. h4 cxd4 8. Nxd4
h5 9. Be3 Nd7 10. f4 hxg4 11. Qxg4 Nh6 12. Qg1 Nf5 13. Nxf5 Bxf5 14. Bd3 Bxd3
15. cxd3 Rxh4 16. Ke2 g6 17. Qf2 Rxh1 18. Rxh1 a6 19. Rh8 Rc8 20. f5 gxf5 21.
Bh6 Qc7 22. Qf4 Qb6 23. Na4 Qg1 24. Qb4 Qh2+ 25. Kd1 Qxh6 0-1

[Event "4NCL/Div4/NOTT2 vs. SCS"]
[Site "Sunningdale ENG"]
[Date "2008.03.16"]
[Round "8.2"]
[White "Baptie, Justin P"]
[Black "Thompson, Brian"]
[Result "1-0"]
[WhiteElo "2102"]
[BlackElo "1936"]
[PlyCount "93"]
[EventDate "2008.03.16"]
[EventType "team"]
[EventRounds "11"]
[EventCountry "ENG"]
[SourceDate "2007.09.15"]

1. e4 c5 2. Nf3 d6 3. d4 cxd4 4. Nxd4 Nf6 5. Nc3 g6 6. f3 Bg7 7. Be3 O-O 8. Qd2
Nc6 9. O-O-O Bd7 10. Bc4 Qa5 11. Kb1 Ne5 12. Bb3 Rfc8 13. Nd5 Qxd2 14. Rxd2
Nxd5 15. exd5 a5 16. a3 a4 17. Ba2 Nc4 18. Bxc4 Rxc4 19. c3 Ra5 20. Nc2 Bf5 21.
Kc1 Bxc2 22. Kxc2 Ra8 23. Re1 h6 24. Bb6 Bf6 25. Kd3 Rac8 26. Re4 Rxe4 27. Kxe4
Rc4+ 28. Bd4 Kg7 29. Ke3 b5 30. Bxf6+ Kxf6 31. Rd4 Rc5 32. g3 g5 {=} 33. h4 Ke5
34. Re4+ Kxd5 35. hxg5 hxg5 36. Rxe7 Kc4 37. Re4+ Kb3 38. Rb4+ Kc2 39. f4 gxf4+
40. gxf4 Rf5 41. c4 bxc4 42. Rxc4+ Kxb2 43. Rxa4 Kb3 44. Rd4 Kxa3 45. Rxd6 Kb4
46. Ke4 Kc5 47. Ra6 1-0

[Event "4NCL/Div4/NOTT2 vs. SCS"]
[Site "Sunningdale ENG"]
[Date "2008.03.16"]
[Round "8.3"]
[White "Hill, Maurice J"]
[Black "Heard, Andrew H"]
[Result "1/2-1/2"]
[WhiteElo "1950"]
[BlackElo "2010"]
[PlyCount "43"]
[EventDate "2008.03.16"]
[EventType "team"]
[EventRounds "11"]
[EventCountry "ENG"]
[SourceDate "2007.09.15"]

1. c4 e5 2. g3 Nf6 3. Bg2 g6 4. Nc3 Bg7 5. e4 O-O 6. Nge2 d6 7. d3 Be6 8. Rb1
a5 9. O-O Qd7 10. b3 Bh3 11. f4 Bxg2 12. Kxg2 exf4 13. Bxf4 Na6 14. Qd2 Nc5 15.
Bg5 Nh5 16. d4 Ne6 17. Be3 Nf6 18. h3 c6 19. g4 b5 20. g5 Nh5 21. cxb5 cxb5 22.
Qd3 1/2-1/2

[Event "4NCL/Div4/NOTT2 vs. SCS"]
[Site "Sunningdale ENG"]
[Date "2008.03.16"]
[Round "8.4"]
[White "Sathyanandha, Saravanan"]
[Black "Taylor, Robert P"]
[Result "1-0"]
[WhiteElo "1908"]
[BlackElo "1999"]
[PlyCount "75"]
[EventDate "2008.03.16"]
[EventType "team"]
[EventRounds "11"]
[EventCountry "ENG"]
[SourceDate "2007.09.15"]

1. e4 d6 2. d4 Nd7 3. c4 Ngf6 4. Nc3 e5 5. Nf3 Be7 6. Be2 O-O 7. O-O Re8 8. Qc2
c6 9. Be3 Qc7 10. Rad1 Nf8 11. h3 Bd7 12. c5 Rac8 13. cxd6 Bxd6 14. dxe5 Bxe5
15. Nxe5 Qxe5 16. f4 Qe7 17. e5 Nd5 18. Nxd5 cxd5 19. Qb3 Bc6 20. Bg4 Rcd8 21.
Bxa7 Ra8 22. Qe3 Qb4 23. Bd4 Rxa2 24. f5 Qe7 25. Qg3 Qc7 26. Bh5 Rd8 27. Bxf7+
Qxf7 28. e6 Nxe6 29. fxe6 Qg6 30. Qxg6 hxg6 31. Rf7 Kh7 32. Bxg7 Re8 33. Bd4+
Kh6 34. Re1 Ra4 35. Bg7+ Kh5 36. Kh2 g5 37. Rf6 g4 38. Re5+ 1-0

[Event "4NCL/Div4/NOTT2 vs. SCS"]
[Site "Sunningdale ENG"]
[Date "2008.03.16"]
[Round "8.5"]
[White "Graham, Neil"]
[Black "Clarke, Sean A"]
[Result "1-0"]
[WhiteElo "1895"]
[BlackElo "1875"]
[PlyCount "87"]
[EventDate "2008.03.16"]
[EventType "team"]
[EventRounds "11"]
[EventCountry "ENG"]
[SourceDate "2007.09.15"]

1. d4 d5 2. e4 b6 3. Nc3 dxe4 4. f3 e5 5. dxe5 Qxd1+ 6. Kxd1 exf3 7. Nxf3 Bb7
8. Bb5+ c6 9. Bc4 Nd7 10. Re1 O-O-O 11. Ke2 Bb4 12. Bxf7 Nc5 13. Bg5 Ba6+ 14.
Kf2 Rf8 15. e6 h6 16. Bf4 Nf6 17. Kg1 Nb7 18. Ne5 g5 19. Bg3 Nd5 20. Nxc6 Bxc3
21. Nxa7+ Kd8 22. bxc3 Na5 23. Rad1 Bc4 24. Rxd5+ Bxd5 25. Rd1 Ke7 26. Rxd5 Rd8
27. Nc8+ Rxc8 28. Bd6+ Kf6 29. Be5+ Ke7 30. Rd7+ Kf8 31. Bxh8 Nc6 32. Bh5 Ra8
33. Bf6 Rxa2 34. e7+ Nxe7 35. Bxe7+ Kg8 36. Bd1 Ra1 37. Kf2 Ra5 38. Bb4 Rf5+
39. Ke3 Re5+ 40. Kd4 Re1 41. Kc4 Re4+ 42. Kb5 Re6 43. Bf3 Rg6 44. Bd5+ 1-0

[Event "4NCL/Div4/NOTT2 vs. SCS"]
[Site "Sunningdale ENG"]
[Date "2008.03.16"]
[Round "8.6"]
[White "Lutton, J Arnold"]
[Black "Cranmer, Stan"]
[Result "1/2-1/2"]
[WhiteElo "1874"]
[BlackElo "1910"]
[PlyCount "71"]
[EventDate "2008.03.16"]
[EventType "team"]
[EventRounds "11"]
[EventCountry "ENG"]
[SourceDate "2007.09.15"]

1. e4 e5 2. Nf3 Nf6 3. Nc3 Bb4 4. Bc4 O-O 5. O-O d6 6. d3 Bg4 7. Bg5 c6 8. h3
Be6 9. Bxe6 fxe6 10. Ne2 Nbd7 11. Ng3 Qe8 12. Qe2 h6 13. Be3 Nh5 14. Nxh5 Qxh5
15. Nd4 Qg6 16. Nb3 d5 17. f3 d4 18. Bf2 Be7 19. Be1 b6 20. Bd2 Bg5 21. Bxg5
Qxg5 22. f4 Qf6 23. fxe5 Qxe5 24. Nd2 c5 25. Nf3 Qh5 26. Rf2 Rf7 27. Raf1 Raf8
28. Nh2 Qxe2 29. Rxe2 Rxf1+ {=} 30. Nxf1 Ne5 31. Nd2 b5 32. b3 Rc8 33. Nf3
Nxf3+ 34. gxf3 Rf8 35. Kg2 e5 36. Kg3 1/2-1/2

[Event "4NCL/Div4/GUI5 vs. AMCAH"]
[Site "Sunningdale ENG"]
[Date "2008.03.16"]
[Round "8.1"]
[White "Hill, David F"]
[Black "Tart, Peter K"]
[Result "0-1"]
[WhiteElo "2064"]
[BlackElo "2020"]
[PlyCount "38"]
[EventDate "2008.03.16"]
[EventType "team"]
[EventRounds "11"]
[EventCountry "ENG"]
[SourceDate "2007.09.15"]

1. c4 b6 2. e4 Bb7 3. Nc3 e6 4. Nf3 Nf6 5. Bd3 Na6 6. Bc2 Nb4 7. Bb1 c5 8. O-O
Be7 9. d4 cxd4 10. Nxd4 Nc6 11. Bf4 Nxd4 12. Qxd4 Bc5 13. Qd3 a6 14. Rd1 Ng4
15. Bg3 d6 16. Qe2 Qg5 17. h3 Ne5 18. a3 Qxg3 19. Kf1 Qh2 0-1

[Event "4NCL/Div4/GUI5 vs. AMCAH"]
[Site "Sunningdale ENG"]
[Date "2008.03.16"]
[Round "8.2"]
[White "Green, George D A"]
[Black "Smart, Michael R"]
[Result "0-1"]
[WhiteElo "1965"]
[BlackElo "1958"]
[PlyCount "46"]
[EventDate "2008.03.16"]
[EventType "team"]
[EventRounds "11"]
[EventCountry "ENG"]
[SourceDate "2007.09.15"]

1. c4 Nf6 2. Nc3 e5 3. Nf3 d6 4. g3 c6 5. Bg2 Be7 6. O-O O-O 7. d3 Nbd7 8. e3
Re8 9. b4 d5 10. b5 Bb4 11. Qb3 Qa5 12. Bd2 Nc5 13. Qc2 Bf5 14. e4 dxe4 15.
dxe4 Nfxe4 16. Nxe4 Bxe4 17. Qb2 Bxd2 18. Nxd2 Bxg2 19. Kxg2 cxb5 20. cxb5 Nd3
21. Qb3 Qxd2 22. Rad1 Nf4+ 23. Kf3 Qe2# 0-1

[Event "4NCL/Div4/GUI5 vs. AMCAH"]
[Site "Sunningdale ENG"]
[Date "2008.03.16"]
[Round "8.3"]
[White "Deswarte, Ian"]
[Black "Krishnan, Anand"]
[Result "0-1"]
[WhiteElo "1935"]
[BlackElo "1870"]
[PlyCount "114"]
[EventDate "2008.03.16"]
[EventType "team"]
[EventRounds "11"]
[EventCountry "ENG"]
[SourceDate "2007.09.15"]

1. e4 c6 2. d4 d5 3. exd5 cxd5 4. c4 Nf6 5. Nc3 Nc6 6. Nf3 e6 7. Bd3 Bd6 8. O-O
O-O 9. Re1 Nb4 10. Bf1 dxc4 11. Bxc4 Qc7 12. Bb3 a6 13. Bg5 Nfd5 14. Rc1 Nxc3
15. bxc3 Nd5 16. c4 Ne7 17. Qd2 Ng6 18. g3 h6 19. Be3 Bd7 20. c5 Be7 21. h4 Bf6
22. Bc2 Rfd8 23. h5 Nf8 24. Bf4 Qc8 25. Nh2 Bc6 26. Bd6 Qd7 27. Ng4 Bg5 28. f4
Be7 29. Ne5 Qe8 30. Bxe7 Qxe7 31. Ng4 Qd7 32. Rcd1 Qd5 33. Qh2 Qd7 34. Ne5 Qc7
35. Qf2 Bd5 36. Bb1 f6 37. Ng4 Qf7 38. Qh2 Bf3 39. Qh4 Bxd1 40. Rxd1 Rd7 41.
Ne3 Rad8 42. f5 exf5 43. Nxf5 Nh7 44. Nd6 Qe6 45. Bd3 Qe3+ 46. Kg2 Kh8 47. Qg4
Ng5 48. d5 Qxc5 49. Ne4 Qxd5 50. Bc2 Qc6 51. Rxd7 Qxc2+ 52. Kf1 Rxd7 53. Qxd7
Qxe4 54. Qc8+ Kh7 55. g4 Qb1+ 56. Kf2 Qxa2+ 57. Ke3 Qe6+ 0-1

[Event "4NCL/Div4/GUI5 vs. AMCAH"]
[Site "Sunningdale ENG"]
[Date "2008.03.16"]
[Round "8.4"]
[White "Davda, Rahil"]
[Black "Williams, Peter A"]
[Result "1/2-1/2"]
[WhiteElo "1833"]
[BlackElo "1852"]
[PlyCount "36"]
[EventDate "2008.03.16"]
[EventType "team"]
[EventRounds "11"]
[EventCountry "ENG"]
[SourceDate "2007.09.15"]

1. d4 d5 2. c4 c6 3. Nf3 Nf6 4. Nc3 dxc4 5. a4 Bf5 6. e3 e6 7. Bxc4 Bb4 8. O-O
O-O 9. Bd3 Bg4 10. Na2 Be7 11. b4 a6 12. h3 Bh5 13. Rb1 Bg6 14. Bxg6 hxg6 15.
Qc2 Nbd7 16. e4 Rc8 17. Be3 b6 18. Rfd1 c5 1/2-1/2

[Event "4NCL/Div4/GUI5 vs. AMCAH"]
[Site "Sunningdale ENG"]
[Date "2008.03.16"]
[Round "8.5"]
[White "Albrecht, Theo"]
[Black "Periasamymanjula, Mani"]
[Result "0-1"]
[WhiteElo "1900"]
[BlackElo "1653"]
[PlyCount "74"]
[EventDate "2008.03.16"]
[EventType "team"]
[EventRounds "11"]
[EventCountry "ENG"]
[SourceDate "2007.09.15"]

1. e4 e5 2. d3 Bc5 3. Nf3 Nc6 4. c3 Nf6 5. Be2 d5 6. Nbd2 O-O 7. O-O a6 8. Qc2
d4 9. a3 Ba7 10. c4 Nh5 11. Nxe5 Nxe5 12. Bxh5 Qg5 13. f4 Qxh5 14. fxe5 Qe2 15.
b4 Bg4 16. Rf2 Qe1+ 17. Nf1 Bd1 18. Qd2 Qxd2 19. Rxd2 Ba4 20. Rf2 Rae8 21. Bf4
c5 22. Raa2 b5 23. Nd2 cxb4 24. axb4 Re6 25. Rf1 Bb8 26. Nf3 Rd8 27. Ng5 Rc6
28. Rc1 Bb3 29. Ra3 bxc4 30. dxc4 Bxc4 31. Nf3 Rcc8 32. Bg3 d3 33. Rac3 d2 34.
Rd1 Rd3 35. Rxd3 Bxd3 36. Rxd2 Ba7+ 37. Bf2 Rc1+ 0-1

[Event "4NCL/Div4/GUI5 vs. AMCAH"]
[Site "Sunningdale ENG"]
[Date "2008.03.16"]
[Round "8.6"]
[White "Andreev, Peter"]
[Black "Kokossis, Danae"]
[Result "1/2-1/2"]
[WhiteElo "1705"]
[BlackElo "1750"]
[PlyCount "121"]
[EventDate "2008.03.16"]
[EventType "team"]
[EventRounds "11"]
[EventCountry "ENG"]
[SourceDate "2007.09.15"]

1. e4 e5 2. Nf3 Nc6 3. d4 exd4 4. Nxd4 Nf6 5. Nc3 Bb4 6. Nxc6 bxc6 7. Bd3 d5 8.
exd5 Qe7+ 9. Qe2 Qxe2+ 10. Bxe2 Ne4 11. Bd2 Nxd2 12. Kxd2 cxd5 13. a3 Bxc3+ 14.
Kxc3 c6 15. b4 O-O 16. Rhe1 Re8 17. Bd3 Bd7 18. f4 g6 19. Kd4 a5 20. g3 Kf8 21.
c3 h5 22. Rxe8+ Bxe8 23. a4 Bd7 24. Kc5 Ke7 25. bxa5 Rxa5+ 26. Kb6 Ra8 27. a5
Kd6 28. Kb7 Rd8 29. a6 c5 30. a7 Bc6+ 31. Kb6 c4 32. Be2 Ra8 33. Rd1 Ba4 34.
Ra1 Bc6 35. Bd1 Rc8 36. Ba4 Ba8 37. Re1 Rf8 38. Bb5 Rd8 39. Re8 Rxe8 40. Bxe8
d4 41. cxd4 c3 42. Ba4 Kd5 43. Kc7 Kxd4 44. Kb8 Bd5 45. a8=Q Bxa8 46. Kxa8 Ke3
47. Bc2 Kf2 48. Kb7 Kg2 49. Kc6 Kxh2 50. Kd5 Kxg3 51. f5 gxf5 52. Bxf5 h4 53.
Kd4 h3 54. Be4 h2 55. Kxc3 f5 56. Bd5 f4 57. Bh1 Kf2 58. Kd2 Kg1 59. Ke2 Kxh1
60. Kf1 f3 61. Kf2 1/2-1/2

[Event "4NCL/Div4/CELT2 vs. GREN"]
[Site "Sunningdale ENG"]
[Date "2008.03.16"]
[Round "8.1"]
[White "Haldane, Robin"]
[Black "Mayhew, Andrew"]
[Result "1-0"]
[WhiteElo "2153"]
[BlackElo "2015"]
[PlyCount "45"]
[EventDate "2008.03.16"]
[EventType "team"]
[EventRounds "11"]
[EventCountry "ENG"]
[SourceDate "2007.09.15"]

1. e4 c5 2. Nf3 d6 3. d4 cxd4 4. Nxd4 Nf6 5. Nc3 a6 6. Bg5 e6 7. f4 Be7 8. Qf3
Qc7 9. O-O-O Nbd7 10. Bd3 b5 11. Rhe1 Bb7 12. Nd5 Nxd5 13. exd5 Bxg5 14. Rxe6+
fxe6 15. Qh5+ g6 16. Bxg6+ Ke7 17. Qxg5+ Nf6 18. Nf5+ Kd7 19. dxe6+ Kc6 20.
Rxd6+ Qxd6 21. Nxd6 Kxd6 22. Qe5+ Kc6 23. Bf5 1-0

[Event "4NCL/Div4/CELT2 vs. GREN"]
[Site "Sunningdale ENG"]
[Date "2008.03.16"]
[Round "8.2"]
[White "Hibbitt, Arthur M"]
[Black "Evans, Craig"]
[Result "0-1"]
[WhiteElo "1950"]
[BlackElo "2031"]
[PlyCount "98"]
[EventDate "2008.03.16"]
[EventType "team"]
[EventRounds "11"]
[EventCountry "ENG"]
[SourceDate "2007.09.15"]

1. Nf3 d6 2. g3 e5 3. d3 Ne7 4. Bg2 Ng6 5. Nc3 c6 6. e4 Be7 7. h3 Be6 8. Be3
Nd7 9. Qd2 h6 10. d4 Bc4 11. dxe5 dxe5 12. O-O-O Qc7 13. h4 O-O-O 14. Bh3 Kb8
15. Bxd7 Be6 16. Qe2 Bxd7 17. h5 Nf8 18. Nxe5 Qxe5 19. Bf4 Bg5 20. Qe3 Bxf4 21.
gxf4 Qe7 22. f5 Nh7 23. Qg3+ Kc8 24. Qe3 b6 25. Rhg1 f6 26. Qe2 Kb7 27. f4 Rhe8
28. Qg2 Rg8 29. Ne2 Qf7 30. Kb1 Qxh5 31. Nd4 Qe8 32. Rge1 Kc7 33. e5 Bxf5 34.
Nxf5 Rxd1+ 35. Rxd1 Qh5 36. Qd2 Qxf5 37. Qd6+ {=} Kb7 38. e6 Rc8 39. Qe7+ Rc7
40. Rd7 Qxf4 41. b3 Ng5 42. Qe8 Nxe6 43. Qxe6 Rxd7 44. Qxd7+ Qc7 45. Qf5 Qe7
46. Qg6 h5 47. a4 h4 48. Qh7 Qe1+ 49. Ka2 Qg3 0-1

[Event "4NCL/Div4/CELT2 vs. GREN"]
[Site "Sunningdale ENG"]
[Date "2008.03.16"]
[Round "8.3"]
[White "Fathallah, Joe"]
[Black "May, Michael"]
[Result "1-0"]
[WhiteElo "1970"]
[BlackElo "1875"]
[PlyCount "49"]
[EventDate "2008.03.16"]
[EventType "team"]
[EventRounds "11"]
[EventCountry "ENG"]
[SourceDate "2007.09.15"]

1. d4 e6 2. c4 f5 3. Nc3 Nf6 4. g3 Be7 5. Bg2 c6 6. e4 fxe4 7. Nxe4 O-O 8. Nh3
d5 9. Nxf6+ Bxf6 10. cxd5 exd5 11. O-O Qb6 12. Be3 Qxb2 13. g4 g6 14. f4 Re8
15. Bf2 Re2 16. f5 Bh4 17. Qd3 Bxf2+ 18. Nxf2 Rxf2 19. Rxf2 Qxa1+ 20. Rf1 Qb2
21. fxg6 h6 22. Qe3 Bd7 23. Qf4 Bf5 24. Qxf5 Qxd4+ 25. Kh1 1-0

[Event "4NCL/Div4/CELT2 vs. GREN"]
[Site "Sunningdale ENG"]
[Date "2008.03.16"]
[Round "8.4"]
[White "Muller, Anton"]
[Black "Wagner, Guy"]
[Result "1-0"]
[WhiteElo "1875"]
[BlackElo "1818"]
[PlyCount "93"]
[EventDate "2008.03.16"]
[EventType "team"]
[EventRounds "11"]
[EventCountry "ENG"]
[SourceDate "2007.09.15"]

1. e4 e6 2. d4 d5 3. Nd2 Nf6 4. Bd3 c5 5. c3 cxd4 6. cxd4 Bb4 7. e5 Ne4 8. Ngf3
Nc6 9. O-O Nxd2 10. Bxd2 Be7 11. Re1 O-O 12. Be3 f5 13. exf6 Bxf6 14. Rc1 Bd7
15. Bb1 Rc8 16. Qd3 g6 17. Bh6 Bg7 18. Qe3 Qf6 19. h4 Nxd4 20. Nxd4 Qxd4 21.
Qxd4 Bxd4 22. Bxf8 Rxf8 23. Re2 Bb6 24. g3 Kg7 25. Kg2 Kf6 26. Rc3 Rc8 27. Rxc8
Bxc8 28. f4 Bd7 29. h5 Bc6 30. hxg6 d4+ 31. Kh3 hxg6 32. Bd3 Bd7 33. g4 Bc7 34.
Re4 e5 35. fxe5+ Bxe5 36. Kh4 g5+ 37. Kh5 Bc6 38. Re2 Bf4 39. Be4 Be8+ 40. Kh6
b6 41. Bf5 Be3 42. Rc2 Bb5 43. Rc7 d3 44. Bxd3 Bxd3 45. Rc3 Ke5 46. Rxd3 Ke4
47. Rxe3+ 1-0

[Event "4NCL/Div4/CELT2 vs. GREN"]
[Site "Sunningdale ENG"]
[Date "2008.03.16"]
[Round "8.6"]
[White "Jennings, Michael"]
[Black "Buttell, David"]
[Result "1-0"]
[WhiteElo "1780"]
[BlackElo "1755"]
[PlyCount "57"]
[EventDate "2008.03.16"]
[EventType "team"]
[EventRounds "11"]
[EventCountry "ENG"]
[SourceDate "2007.09.15"]

1. e4 c5 2. c3 d6 3. d4 cxd4 4. cxd4 Nf6 5. Nc3 Nc6 6. Nf3 g6 7. Be2 Bg7 8. Be3
O-O 9. O-O a6 10. d5 Nb8 11. Qd2 Ng4 12. Bd4 Nf6 13. Qg5 h6 14. Qd2 e6 15. Be3
Ng4 16. Bd4 e5 17. Be3 f5 18. h3 Nxe3 19. fxe3 f4 20. exf4 Rxf4 21. Nh2 g5 22.
Rxf4 exf4 23. Rc1 Nd7 24. Ng4 Nc5 25. b4 Bxc3 26. Qxc3 Bxg4 27. Bxg4 Nxe4 28.
Be6+ Kf8 29. Qh8+ 1-0

[Event "4NCL/Div4/CONQ2 vs. BRI2"]
[Site "Sunningdale ENG"]
[Date "2008.03.16"]
[Round "8.1"]
[White "Ynojosa, Angelica M"]
[Black "Dilleigh, Stephen P"]
[Result "1/2-1/2"]
[WhiteElo "1880"]
[BlackElo "2139"]
[PlyCount "123"]
[EventDate "2008.03.16"]
[EventType "team"]
[EventRounds "11"]
[EventCountry "ENG"]
[SourceDate "2007.09.15"]

1. e4 e6 2. d3 d5 3. Nd2 Nf6 4. Ngf3 Be7 5. g3 O-O 6. Bg2 c5 7. O-O Nc6 8. Re1
b5 9. b3 a5 10. c4 b4 11. Qc2 d4 12. Nf1 {=} e5 13. Nxe5 Nxe5 14. f4 Nfd7 15.
fxe5 Nxe5 16. Bf4 Bd6 17. Rad1 Bg4 18. Rd2 Qd7 19. Rf2 a4 20. Nd2 axb3 21. axb3
Ra3 22. Nf3 Qc7 23. Bc1 Ra6 24. Ref1 Rfa8 25. Nxe5 Bxe5 26. Rxf7 Qxf7 27. Rxf7
Kxf7 28. Bb2 Kg8 29. Qd2 h6 30. Qc2 {=} R8a7 31. Bf1 Bf6 32. Be2 Bh3 33. Bf1
Ra1 34. Bxa1 Rxa1 35. Kf2 Rxf1+ 36. Ke2 Ra1 37. Qb2 Bg4+ 38. Kf2 Ra8 39. Kg2
Bg5 40. h3 Be6 41. g4 Be3 42. Kg3 g5 43. Qb1 Kg7 44. Qb2 Bf7 45. Qe2 Ra3 46.
Qb2 h5 47. Qb1 hxg4 48. hxg4 Be6 49. Qb2 Ra8 50. Qb1 Bf4+ 51. Kf3 Be5 52. Qd1
Rf8+ 53. Kg2 Rf4 54. Qa1 Rxg4+ 55. Kf2 Rf4+ 56. Kg2 Rf7 57. Qa5 Rc7 58. Qa8 Rc8
59. Qa7+ Kf6 60. Qb6 g4 61. Qa7 Rc7 62. Qa8 1/2-1/2

[Event "4NCL/Div4/CONQ2 vs. BRI2"]
[Site "Sunningdale ENG"]
[Date "2008.03.16"]
[Round "8.2"]
[White "Pugh, Derek C"]
[Black "Paul, Barnaby"]
[Result "1-0"]
[WhiteElo "2125"]
[BlackElo "1670"]
[PlyCount "133"]
[EventDate "2008.03.16"]
[EventType "team"]
[EventRounds "11"]
[EventCountry "ENG"]
[SourceDate "2007.09.15"]

1. e4 e5 2. Nc3 Nc6 3. Bc4 Bc5 4. d3 d6 5. Na4 Bb6 6. Nxb6 axb6 7. a3 Nf6 8.
Ne2 O-O 9. O-O Be6 10. Nc3 Na5 11. Bxe6 fxe6 12. f4 Nc6 13. fxe5 Nxe5 14. d4
Ned7 15. Bg5 Qe8 16. Qe2 Qh5 17. Qxh5 Nxh5 18. Rxf8+ Rxf8 19. Rf1 Rxf1+ 20.
Kxf1 Nhf6 21. Ke2 e5 22. Kd3 exd4 23. Kxd4 c6 24. Bf4 Ne8 25. Nd1 Kf7 26. Ne3
Ke6 27. Nc4 c5+ 28. Kd3 b5 29. Na5 b6 30. Nc6 Ne5+ 31. Bxe5 dxe5 32. Na7 Nd6
33. b3 Kd7 34. c4 bxc4+ 35. bxc4 Kc7 36. Nb5+ Nxb5 37. cxb5 Kd6 38. Kc4 Ke6 39.
Kb3 Kd6 40. a4 Kc7 {=} 41. Kc3 Kd6 42. Kd3 Ke6 43. Kc3 Kd6 44. Kc4 Ke6 45. a5
bxa5 46. Kxc5 Kd7 47. b6 a4 48. Kb4 Kc6 49. Kxa4 Kxb6 50. Kb4 Kc6 51. Kc4 Kd6
52. Kb5 Ke6 53. Kc5 Kf6 54. Kd6 Kf7 55. Kxe5 Ke7 56. Kd5 Kd7 57. e5 Ke7 58. e6
Ke8 59. Kd6 h5 60. h4 g6 61. Ke5 Ke7 62. g3 Ke8 63. Kf6 Kf8 64. e7+ Ke8 65. Ke6
g5 66. hxg5 h4 67. g6 1-0

[Event "4NCL/Div4/CONQ2 vs. BRI2"]
[Site "Sunningdale ENG"]
[Date "2008.03.16"]
[Round "8.3"]
[White "Foster, Caroline"]
[Black "Littlejohns, David P"]
[Result "0-1"]
[WhiteElo "1560"]
[BlackElo "2090"]
[PlyCount "70"]
[EventDate "2008.03.16"]
[EventType "team"]
[EventRounds "11"]
[EventCountry "ENG"]
[SourceDate "2007.09.15"]

1. d4 c6 2. Nf3 Nf6 3. e3 d5 4. Bd3 Bg4 5. Nbd2 e6 6. h3 Bxf3 7. Nxf3 Bd6 8.
O-O O-O 9. c3 Nbd7 10. Re1 Rc8 11. e4 dxe4 12. Bxe4 Nxe4 13. Rxe4 Nf6 14. Re1
h6 15. Ne5 Bxe5 16. dxe5 Qxd1 17. Rxd1 Nd5 18. Re1 Rfd8 19. Be3 Nxe3 20. Rxe3
Rd2 21. Rb1 Rcd8 22. Kf1 Rc2 23. Re2 Rdd2 24. Rxd2 Rxd2 25. Ke1 Rc2 26. Rd1
Rxb2 27. Rd8+ Kh7 28. Rd7 Kg6 29. Rd2 Rxd2 30. Kxd2 Kf5 31. g3 Kxe5 32. f3 h5
33. Ke3 b5 34. g4 hxg4 35. fxg4 g5 0-1